E72(北近畿豊岡道)のIC - Statistics

General Stats
  • This quiz has been taken 37 times
    29 since last reset
  • The average score is 7 of 13
Answer Stats
北近畿豊岡道 % Correct
IC/JCT 春日
77%
IC/JCT 和田山
77%
IC 養父
77%
IC 青垣
68%
IC/PA 氷上
59%
IC 但馬空港
59%
IC 遠阪
55%
IC 豊岡出石
50%
IC 山東
45%
PA 山東
45%
IC 八鹿氷ノ山
45%
IC 日高神鍋高原
41%
IC 日高北
32%
No matching quizzes found
Score Distribution
Percent of People with Each Score
Percentile by Number Answered
Your Score History
You have not taken this quiz since the last reset